000 01489nam a22002657a 4500
003 RNL
005 20260410052636.0
008 260409b |||||||| |||| 00| 0 eng d
020 _a9788199222632
040 _aRCL
082 _a396 SI53W
100 _aSingh, Vandana
_931212
245 _aWomen in Panchayati Raj :
_bEmpowement and Challenges
_c/ Vandana Singh
260 _aNew Delhi:
_bBarkha Publication,
_c2026.
300 _a215p. ; 22cm.
520 _aThis book explores the role of women in the Panchayati Raj system, highlighting both their empowerment and the challenges they face in grassroots governance. beginning with the historic 73rd Constitutional Amendment Act of 1992, which institutionalized Panchayati Raj and reserved seat for women. the book examines how these reforms transformed rural democracy. It discus the impact of women leader in shaping priorities like education ,health sanitation, and gender equality, while also addressing persistent barriers such as patriarchy, proxy leadership, illiteracy, and limited resources. By combining underscores how women in Panchayati raj are redefining governance, inspiring social change, and paving the way toward an inclusive and equitable democracy.
546 _aEnglish
650 _aGender equality
_931213
650 _awomen empowement.
_931214
650 _aPanchayati Raj
_931215
650 _aWomen in elections.
_931216
650 _aSanitation
_931217
650 _aEducation
_929951
942 _cBK
999 _c48162
_d48162